000 nam a22 a 4500
999 _c184092
_d184092
003 BLK
005 20230131145407.0
008 180411b bul|||||r ||||||| ||bul||
010 _aKNG00193044000
040 _aBLK
041 _aBUL
_cBUL
080 _aСтареене. Старост. Дълголетие. Регенерация - Хранене в старческата възраст, продължаване на живота. Вж и 577.7 ; 613.98 Геронтология; 616-053.9 Гериатрия
_b612.67/.68
_z612.67/.68
080 _aСпорт. Спортни игри. Физическа култура. Вж и 613;615.82;685.6/.7; 723.8; 793.3; 794
_b796
_x-053.8
_z796-053.8
100 1 _aДобрев, Павел Атанасов
_eпърви автор
_9382817
139 _aДобрев, Павел Атанасов
_bД 66
245 1 0 _aСила, здраве, дълголетие
_bИзследване
_cПавел Атанасов Добрев.
257 _aBGR
260 _aСофия
_bМедицина и физкултура
_c1983
_fПловдив : Д. Благоев
300 _a223 с.
_bс ил., табл., диагр.
_c20 см
380 _a61
500 _a13 100 тир. - Библиогр. с. 217-220.
650 4 _aДълголетие
_9153922
650 4 _aЗдраве
_9155895
852 _aЦб 124150
856 4 _qpdf
_i0.00
_ldisable
856 4 _qpdf
_i0.00
_ldisable
942 _cKNG
_n0
_01
_s1
944 _aCR
_c14.10.2016
_kГрета_Цуфелде
944 _aED
_c2023-01-31
_kир
999 _d184092